[Event "Casablanca Mohammed op 4th"]
[Site "Casablanca"]
[Date "2023.08.16"]
[Round "4"]
[White "Le Roux, Jean Pierre"]
[Black "Choukri, Adel"]
[Result "1-0"]
[WhiteElo "2490"]
[BlackElo "2307"]
[PlyCount "87"]
[EventDate "2023.08.14"]
[EventType "swiss"]
[EventRounds "9"]
[EventCountry "MAR"]
[SourceTitle "CBM 215 Extra"]
[Source "ChessBase"]
[SourceDate "2023.09.30"]
[SourceVersion "1"]
[SourceVersionDate "2023.09.30"]
[SourceQuality "1"]

1. c4 e6 2. Nf3 Nf6 3. b3 Be7 4. Bb2 b6 5. g3 Bb7 6. Bg2 0-0 7. 0-0 d6 8. d4 Nbd7 9. Qc2 Be4 10. Qc1 Bb7 11. Rd1 Ne4 12. Qc2 f5 13. Ne1 Ndf6 14. f3 Ng5 15. Nc3 Qe8 16. Nd3 a6 17. h4 Nf7 18. Nf4 Nd8 19. e3 h6 20. Rf1 g5 21. hxg5 hxg5 22. Nh3 Nh5 23. Ne2 Nf7 24. d5 Nd8 25. g4 Ng7 26. Ng3 Bf6 27. Bxf6 Rxf6 28. Rae1 Qg6 29. Qc3 Nf7 30. f4 gxf4 31. Nxf4 Qxg4 32. Qxf6 Qxg3 33. Qg6 Qxg6 34. Nxg6 Ng5 35. e4 Kf7 36. dxe6+ N7xe6 37. exf5 Bxg2 38. fxe6+ Kxg6 39. Kxg2 Re8 40. e7 Nf7 41. Re3 a5 42. a3 c6 43. Rg3+ Ng5 44. Rf8 1-0

[Event "Casablanca Mohammed op 4th"]
[Site "Casablanca"]
[Date "2023.08.14"]
[Round "1"]
[White "Dubreuil, Nicolas"]
[Black "Le Roux, Jean Pierre"]
[Result "0-1"]
[WhiteElo "2159"]
[BlackElo "2490"]
[PlyCount "94"]
[EventDate "2023.08.14"]
[EventType "swiss"]
[EventRounds "9"]
[EventCountry "MAR"]
[SourceTitle "CBM 215 Extra"]
[Source "ChessBase"]
[SourceDate "2023.09.30"]
[SourceVersion "1"]
[SourceVersionDate "2023.09.30"]
[SourceQuality "1"]

1. e4 Nf6 2. e5 Nd5 3. d4 d6 4. Nf3 dxe5 5. Nxe5 c6 6. Be2 g6 7. c4 Nc7 8. Nc3 Bg7 9. f4 Nd7 10. Be3 0-0 11. Qb3 Ne6 12. c5 Nxe5 13. dxe5 Nd4 14. Bxd4 Qxd4 15. Qc4 Qxc4 16. Bxc4 Rd8 17. Rd1 Bg4 18. Rd2 Bf5 19. Rf1 b6 20. cxb6 axb6 21. Rff2 Rxd2 22. Kxd2 g5 23. fxg5 Rd8+ 24. Kc1 e6 25. Rd2 Rxd2 26. Kxd2 Bxe5 27. g3 Kg7 28. Be2 Bh3 29. Bf3 c5 30. Bh5 Bg2 31. b3 Bc6 32. Nd1 Bd4 33. Ne3 b5 34. Kd3 Bb2 35. Kc2 Be5 36. Kd3 Bc7 37. Nf1 Bd8 38. h4 f6 39. gxf6+ Kxf6 40. Bd1 Bc7 41. a4 c4+ 42. bxc4 bxa4 43. g4 Ke5 44. Ng3 Ba5 45. h5 Be1 46. Ne2 a3 47. Kc2 Ba4+ 0-1

[Event "FRA-chT Top 16 GpA"]
[Site "Chartres"]
[Date "2023.06.02"]
[Round "2.4"]
[White "Olguin, Monica"]
[Black "Le Roux, Jean Pierre"]
[Result "0-1"]
[WhiteElo "1619"]
[BlackElo "2509"]
[PlyCount "48"]
[EventDate "2023.06.01"]
[EventType "team-tourn"]
[EventRounds "7"]
[EventCountry "FRA"]
[SourceTitle "CBM 214 Extra"]
[Source "ChessBase"]
[SourceDate "2023.07.31"]
[SourceVersion "1"]
[SourceVersionDate "2023.07.31"]
[SourceQuality "1"]
[WhiteTeam "Strasbourg"]
[BlackTeam "Bischwiller"]
[WhiteTeamCountry "FRA"]
[BlackTeamCountry "FRA"]

1. e4 Nf6 2. e5 Nd5 3. d4 d6 4. Nf3 dxe5 5. dxe5 Nc6 6. Bc4 Ndb4 7. Qxd8+ Nxd8 8. Na3 Be6 9. Bxe6 Nxe6 10. Bd2 Nc6 11. 0-0-0 0-0-0 12. Rhe1 g6 13. Ng5 Rxd2 14. Rxd2 Nxg5 15. f4 Ne6 16. g3 h5 17. Red1 Bh6 18. Kb1 Nxe5 19. fxe5 Bxd2 20. Rxd2 h4 21. c3 hxg3 22. hxg3 Rh1+ 23. Kc2 Rg1 24. Rf2 Ng5 0-1

[Event "FRA-chT Top 16 GpA"]
[Site "Chartres"]
[Date "2023.06.01"]
[Round "1.1"]
[White "Maurizzi, Marc Andria"]
[Black "Le Roux, Jean Pierre"]
[Result "1/2-1/2"]
[WhiteElo "2550"]
[BlackElo "2509"]
[PlyCount "84"]
[EventDate "2023.06.01"]
[EventType "team-tourn"]
[EventRounds "7"]
[EventCountry "FRA"]
[SourceTitle "CBM 214 Extra"]
[Source "ChessBase"]
[SourceDate "2023.07.31"]
[SourceVersion "1"]
[SourceVersionDate "2023.07.31"]
[SourceQuality "1"]
[WhiteTeam "Chartres"]
[BlackTeam "Bischwiller"]
[WhiteTeamCountry "FRA"]
[BlackTeamCountry "FRA"]

1. e4 c6 2. d4 d5 3. Nd2 dxe4 4. Nxe4 Nf6 5. Nxf6+ exf6 6. c3 Bd6 7. Bd3 0-0 8. Qc2 Re8+ 9. Ne2 h5 10. 0-0 h4 11. h3 Nd7 12. Bd2 Nf8 13. Rae1 Bd7 14. f4 Rc8 15. c4 b5 16. c5 Bb8 17. f5 Nh7 18. Bf4 Qa5 19. Bxb8 Rxb8 20. Rd1 Ng5 21. Nf4 Rbd8 22. a4 Bc8 23. axb5 cxb5 24. d5 a6 25. c6 Re5 26. Qc5 Qc7 27. b4 Rd6 28. Rde1 Rd8 29. Bc2 Rxe1 30. Rxe1 Qxf4 31. c7 Rf8 32. d6 Qg3 33. Kf1 Qf4+ 34. Kg1 Qg3 35. Kf1 Qf4+ 36. Kg1 Kh7 37. d7 Bxd7 38. Qxf8 Nf3+ 39. gxf3 Qg3+ 40. Kf1 Qxf3+ 41. Kg1 Qg3+ 42. Kf1 Qf3+ 1/2-1/2

[Event "Francophonie-ch 8th"]
[Site "Casablanca"]
[Date "2022.07.03"]
[Round "3"]
[White "Zouaoui, Mohamed"]
[Black "Le Roux, Jean Pierre"]
[Result "0-1"]
[WhiteElo "2142"]
[BlackElo "2511"]
[PlyCount "38"]
[EventDate "2022.07.02"]
[EventType "swiss"]
[EventRounds "9"]
[EventCountry "MAR"]
[SourceTitle "EXT 2023"]
[Source "ChessBase"]
[SourceDate "2022.10.05"]
[SourceVersion "1"]
[SourceVersionDate "2022.10.05"]
[SourceQuality "1"]

1. Nf3 Nf6 2. g3 g6 3. b3 Bg7 4. Bb2 d6 5. d3 0-0 6. Bg2 e5 7. 0-0 a5 8. a4 Nc6 9. Nbd2 Nd7 10. e4 Nc5 11. Nc4 Be6 12. Re1 Re8 13. Qd2 h6 14. Rad1 Qd7 15. d4 exd4 16. Nxd4 Bxc4 17. Nxc6 Bxb2 18. Nxa5 Be6 19. Qxh6 Bc3 0-1

[Event "FRA-chT Top 12"]
[Site "Chalons en Champagne"]
[Date "2021.07.03"]
[Round "10.5"]
[White "Mathieu, Phileas"]
[Black "Le Roux, Jean Pierre"]
[Result "0-1"]
[WhiteElo "2240"]
[BlackElo "2524"]
[PlyCount "58"]
[EventDate "2021.06.24"]
[EventType "team-tourn"]
[EventRounds "11"]
[EventCountry "FRA"]
[SourceTitle "CBM 203 Extra"]
[Source "ChessBase"]
[SourceDate "2021.09.30"]
[SourceVersion "1"]
[SourceVersionDate "2021.09.30"]
[SourceQuality "1"]
[WhiteTeam "Vandoeuvre"]
[BlackTeam "Bischwiller"]
[WhiteTeamCountry "FRA"]
[BlackTeamCountry "FRA"]

1. e4 c6 2. Nc3 d5 3. Nf3 Bg4 4. h3 Bxf3 5. Qxf3 e6 6. d3 Bb4 7. Bd2 Nd7 8. Qg3 g6 9. a3 Ba5 10. 0-0-0 Ngf6 11. e5 Nh5 12. Qe3 Ng7 13. g4 h5 14. Bg2 b5 15. f4 b4 16. axb4 Bxb4 17. Na4 Qa5 18. b3 Rb8 19. Bxb4 Rxb4 20. d4 Nb6 21. Nc3 0-0 22. Kd2 c5 23. Ke2 cxd4 24. Rxd4 Rc8 25. Nb1 Rxc2+ 26. Nd2 Qb5+ 27. Kd1 Qc5 28. Rxb4 Qxe3 29. Kxc2 Qc5+ 0-1

[Event "Francophonie-ch blitz 7th"]
[Site "Paris"]
[Date "2019.08.10"]
[Round "10"]
[White "Le Roux, Jean Pierre"]
[Black "Moussard, Jules"]
[Result "1/2-1/2"]
[WhiteElo "2523"]
[BlackElo "2595"]
[PlyCount "67"]
[EventDate "2019.08.10"]
[EventType "swiss (blitz)"]
[EventRounds "11"]
[EventCountry "FRA"]
[SourceTitle "CBM 191 Extra"]
[Source "ChessBase"]
[SourceDate "2019.09.30"]
[SourceVersion "1"]
[SourceVersionDate "2019.09.30"]
[SourceQuality "1"]

1. d4 f5 2. Nf3 Nf6 3. g3 g6 4. c3 Bg7 5. Qb3 e6 6. Bg2 0-0 7. 0-0 c6 8. c4 d6 9. Nc3 Nbd7 10. Bf4 Qe7 11. Qa3 Ne8 12. e4 e5 13. Bg5 Qe6 14. exf5 gxf5 15. d5 Qf7 16. dxc6 bxc6 17. Nh4 Bb7 18. Rad1 Kh8 19. Nb5 Nb6 20. Nxd6 Nxd6 21. Qxd6 Nxc4 22. Qc5 Nxb2 23. Rb1 Nd3 24. Qe7 Rab8 25. Bh3 f4 26. Be6 Qxe7 27. Bxe7 Rfe8 28. Nf5 Ba6 29. Bd7 Rg8 30. Be6 Rge8 31. Bd7 Rg8 32. Be6 Rge8 33. Bd7 Rg8 34. Be6 1/2-1/2

[Event "Saint Affrique op 27th"]
[Site "Saint Affrique"]
[Date "2019.07.24"]
[Round "6"]
[White "Flear, Glenn C"]
[Black "Le Roux, Jean Pierre"]
[Result "1/2-1/2"]
[WhiteElo "2445"]
[BlackElo "2542"]
[PlyCount "77"]
[EventDate "2019.07.20"]
[EventType "swiss"]
[EventRounds "9"]
[EventCountry "FRA"]
[SourceTitle "EXT 2020"]
[Source "ChessBase"]
[SourceDate "2019.10.17"]
[SourceVersion "1"]
[SourceVersionDate "2019.10.17"]
[SourceQuality "1"]

1. d4 g6 2. e4 Bg7 3. c4 e6 4. Nc3 Ne7 5. Bg5 h6 6. Bh4 d6 7. f4 g5 8. fxg5 Ng6 9. Bf2 hxg5 10. Qd2 g4 11. g3 Nc6 12. Nge2 Bd7 13. Be3 a6 14. 0-0-0 b5 15. Nf4 Nxf4 16. gxf4 Na5 17. Qg2 b4 18. Qxg4 Bh6 19. Nb1 d5 20. cxd5 exd5 21. Qh5 Be6 22. Nd2 Bg7 23. Qf3 dxe4 24. Qxe4 Qd5 25. Bg2 0-0-0 26. Qxd5 Bxd5 27. Bxd5 Rxd5 28. Nf3 Rh3 29. Rhf1 Nc4 30. Bg1 Bh6 31. Ne1 b3 32. axb3 Rxb3 33. Nd3 Rdb5 34. Rf2 Ne3 35. Rdd2 Nc4 36. Rd1 Ne3 37. Rdd2 Nc4 38. Rd1 a5 39. Re2 1/2-1/2

[Event "Clichy rapid op"]
[Site "Clichy"]
[Date "2019.06.23"]
[Round "5"]
[White "Guichard, Pauline"]
[Black "Le Roux, Jean Pierre"]
[Result "0-1"]
[WhiteElo "2409"]
[BlackElo "2542"]
[PlyCount "68"]
[EventDate "2019.06.23"]
[EventType "swiss (rapid)"]
[EventRounds "9"]
[EventCountry "FRA"]
[SourceTitle "CBM 191 Extra"]
[Source "ChessBase"]
[SourceDate "2019.09.30"]
[SourceVersion "1"]
[SourceVersionDate "2019.09.30"]
[SourceQuality "1"]

1. d4 Nf6 2. Nf3 g6 3. g3 Bg7 4. Bg2 0-0 5. b3 b5 6. Ne5 c6 7. a4 b4 8. a5 Qc7 9. 0-0 d6 10. Nd3 Na6 11. Bb2 Rb8 12. Nd2 Bb7 13. e4 Nd7 14. Nc4 d5 15. exd5 cxd5 16. Ne3 e6 17. Qd2 Nf6 18. Rfc1 Ba8 19. Ra4 Qd6 20. Nxb4 Rxb4 21. Ba3 Rfb8 22. c3 Bc6 23. Bxb4 Qd7 24. Raa1 h5 25. Nc2 Ne4 26. Bxe4 dxe4 27. Ne3 Ba8 28. Ba3 h4 29. c4 Rxb3 30. Rd1 Rd3 31. Qe2 Bxd4 32. Rxd3 exd3 33. Qxd3 Qb7 34. Nd5 Bxa1 0-1

[Event "Clichy rapid op"]
[Site "Clichy"]
[Date "2019.06.23"]
[Round "4"]
[White "Le Roux, Jean Pierre"]
[Black "Harutyunyan, Ruben"]
[Result "1-0"]
[WhiteElo "2542"]
[BlackElo "2316"]
[PlyCount "113"]
[EventDate "2019.06.23"]
[EventType "swiss (rapid)"]
[EventRounds "9"]
[EventCountry "FRA"]
[SourceTitle "CBM 191 Extra"]
[Source "ChessBase"]
[SourceDate "2019.09.30"]
[SourceVersion "1"]
[SourceVersionDate "2019.09.30"]
[SourceQuality "1"]

1. d4 Nf6 2. Nf3 d5 3. c4 c6 4. Nbd2 g6 5. g3 Bg7 6. Bg2 0-0 7. 0-0 Nbd7 8. b3 a5 9. Ba3 b5 10. Qc2 Bb7 11. e4 Nxe4 12. Nxe4 dxe4 13. Qxe4 b4 14. Bb2 Rb8 15. Qe2 e6 16. Rad1 Qc7 17. Bc1 Rbd8 18. Bf4 Qc8 19. Ne5 Nxe5 20. Bxe5 f6 21. Bf4 Rfe8 22. Rfe1 Kf7 23. h4 Bf8 24. Qf3 Rd7 25. c5 Bg7 26. h5 Kg8 27. Bd6 f5 28. hxg6 hxg6 29. Qf4 Kf7 30. Re3 Bf6 31. Rde1 Rdd8 32. g4 g5 33. Qf3 f4 34. Re4 Rxd6 35. cxd6 Qd7 36. Qd3 Qxd6 37. Qc4 Qd5 38. Qc2 Qd6 39. Bf3 Bc8 40. Kg2 Rh8 41. Qc4 Qd5 42. Qc2 Qd6 43. Rc1 Bd7 44. Qc5 Qxc5 45. dxc5 Rd8 46. Rd1 Ke7 47. Re2 Rb8 48. Rd6 Rb5 49. Bxc6 Bxc6+ 50. Rxc6 Kd7 51. Rd6+ Kc7 52. Rexe6 Bc3 53. Re7+ Kc8 54. c6 Rc5 55. Rg6 Kd8 56. Rd7+ Ke8 57. Rg8# 1-0

[Event "Clichy rapid op"]
[Site "Clichy"]
[Date "2019.06.23"]
[Round "6"]
[White "Le Roux, Jean Pierre"]
[Black "Moussard, Jules"]
[Result "0-1"]
[WhiteElo "2542"]
[BlackElo "2576"]
[PlyCount "96"]
[EventDate "2019.06.23"]
[EventType "swiss (rapid)"]
[EventRounds "9"]
[EventCountry "FRA"]
[SourceTitle "CBM 191 Extra"]
[Source "ChessBase"]
[SourceDate "2019.09.30"]
[SourceVersion "1"]
[SourceVersionDate "2019.09.30"]
[SourceQuality "1"]

1. d4 Nf6 2. Nf3 g6 3. Nbd2 Bg7 4. e4 d6 5. Bb5+ c6 6. Bd3 0-0 7. 0-0 Qc7 8. c3 e5 9. Re1 Nbd7 10. h3 Re8 11. a4 d5 12. exd5 Nxd5 13. Nc4 f6 14. Bc2 N7b6 15. Ncd2 a5 16. dxe5 fxe5 17. Ne4 Bf5 18. Ng3 Rf8 19. Ng5 Rae8 20. N5e4 Kh8 21. Bg5 Bc8 22. Qd2 Be6 23. Nc5 Bg8 24. Bh6 Nc4 25. Qc1 Bxh6 26. Qxh6 Qb6 27. Nge4 Qxb2 28. Rec1 Nxc3 29. Nxc3 Qxc3 30. Bxg6 Qd4 31. Ne4 Re6 32. Qxf8 Rxg6 33. Re1 Nb2 34. Rab1 Nd3 35. Re3 Nf4 36. Ng3 Qd5 37. Re4 Nxh3+ 38. gxh3 Qxe4 39. Rxb7 Qf4 40. Qd8 h5 41. Qd3 Qf6 42. h4 Rg7 43. Rb8 Qxh4 44. Qd6 Qg5 45. Kf1 h4 46. Ne4 Qg2+ 47. Ke2 Qxe4+ 48. Kd2 Qd5+ 0-1

[Event "Clichy rapid op"]
[Site "Clichy"]
[Date "2019.06.23"]
[Round "9"]
[White "Shchekachev, Andrei"]
[Black "Le Roux, Jean Pierre"]
[Result "0-1"]
[WhiteElo "2531"]
[BlackElo "2542"]
[PlyCount "89"]
[EventDate "2019.06.23"]
[EventType "swiss (rapid)"]
[EventRounds "9"]
[EventCountry "FRA"]
[SourceTitle "CBM 191 Extra"]
[Source "ChessBase"]
[SourceDate "2019.09.30"]
[SourceVersion "1"]
[SourceVersionDate "2019.09.30"]
[SourceQuality "1"]

1. Nf3 g6 2. e4 Bg7 3. d4 d6 4. c4 Bg4 5. Be2 Nc6 6. Nbd2 Nf6 7. d5 Nb8 8. h3 Bxf3 9. Bxf3 Nbd7 10. 0-0 0-0 11. Rb1 c6 12. Re1 Rc8 13. b3 Qa5 14. a3 Rfe8 15. Be2 Bh6 16. Bf1 e6 17. dxc6 bxc6 18. b4 Qc7 19. Nb3 Bg7 20. Bf4 e5 21. Bd2 Nf8 22. Bc3 Ne6 23. Qc2 c5 24. b5 Nd4 25. Qd1 Nd7 26. Nd2 Nf8 27. Bd3 Nfe6 28. Nf1 Nf4 29. Ne3 Qd8 30. Bf1 h5 31. Kh2 Qg5 32. g3 Nfe6 33. h4 Qd8 34. a4 Rf8 35. a5 Rb8 36. Bh3 Qe8 37. Kg2 f5 38. exf5 gxf5 39. Nd5 Kh8 40. Kh2 Qf7 41. Bg2 Bh6 42. Rb2 Rg8 43. b6 a6 44. Ra2 Rg7 45. Bb2 0-1

[Event "FRA-ch blitz"]
[Site "Le Blanc Mesnil"]
[Date "2019.06.01"]
[Round "5"]
[White "Rakotomaharo, Fy Antenaina"]
[Black "Le Roux, Jean Pierre"]
[Result "1-0"]
[WhiteElo "2419"]
[BlackElo "2542"]
[PlyCount "57"]
[EventDate "2019.06.01"]
[EventType "swiss (blitz)"]
[EventRounds "23"]
[EventCountry "FRA"]
[SourceTitle "CBM 190 Extra"]
[Source "ChessBase"]
[SourceDate "2019.07.15"]
[SourceVersion "1"]
[SourceVersionDate "2019.07.15"]
[SourceQuality "1"]

1. e4 g6 2. d4 Bg7 3. c4 e6 4. Nc3 Ne7 5. Nf3 d5 6. exd5 exd5 7. h3 Nbc6 8. cxd5 Nxd5 9. Bb5 0-0 10. 0-0 h6 11. Re1 Be6 12. Ne4 Nce7 13. Nc5 Bc8 14. Ne5 c6 15. Bd3 b6 16. Ne4 Bb7 17. Ng3 Qc7 18. h4 c5 19. Ng4 Bxd4 20. Nxh6+ Kh8 21. Qg4 f5 22. Qh3 Nb4 23. Bg5 Bf6 24. Bc4 Kg7 25. Re6 Bxg5 26. hxg5 Rae8 27. Rae1 Bc8 28. Nhxf5+ Nxf5 29. Nxf5+ 1-0

[Event "FRA-ch rapid"]
[Site "Le Blanc Mesnil"]
[Date "2019.05.30"]
[Round "6"]
[White "Martinez Alcantara, Jose Eduardo"]
[Black "Le Roux, Jean Pierre"]
[Result "1-0"]
[WhiteElo "2583"]
[BlackElo "2539"]
[PlyCount "144"]
[EventDate "2019.05.30"]
[EventType "swiss (rapid)"]
[EventRounds "14"]
[EventCountry "FRA"]
[SourceTitle "CBM 190 Extra"]
[Source "ChessBase"]
[SourceDate "2019.07.15"]
[SourceVersion "1"]
[SourceVersionDate "2019.07.15"]
[SourceQuality "1"]

1. c4 g6 2. Nf3 Bg7 3. g3 Nf6 4. Bg2 0-0 5. 0-0 Nc6 6. d4 d5 7. cxd5 Nxd5 8. Nc3 Bf5 9. Nh4 Be6 10. e4 Nxc3 11. bxc3 Na5 12. Bf4 Bc4 13. Re1 c5 14. Nf3 Rc8 15. Be5 Bh6 16. d5 e6 17. Bh3 Ra8 18. d6 Nc6 19. Bf4 Bg7 20. Qd2 Qa5 21. e5 Bd5 22. Bg2 Rad8 23. Ng5 Bxg2 24. Kxg2 c4 25. Nf3 f6 26. exf6 Bxf6 27. Rac1 Qd5 28. Qxd5 exd5 29. Red1 g5 30. Nxg5 Bxg5 31. Bxg5 Rxd6 32. Rb1 b6 33. Rb5 d4 34. cxd4 Rxd4 35. Rc1 Na5 36. Be3 Rd7 37. Rc2 Rc8 38. Bd2 Nb7 39. Rg5+ Kf7 40. Bc3 Rg8 41. Rf5+ Ke8 42. Bb4 Rc7 43. Rd5 Kf7 44. Rc3 Re8 45. Rf3+ Kg8 46. Rg5+ Rg7 47. Rd5 Rc7 48. Bc3 h6 49. Rd4 Kh7 50. Rf6 Nd8 51. Rg4 Rg8 52. Rxg8 Kxg8 53. Rxh6 Nf7 54. Rg6+ Kf8 55. h4 Ke8 56. h5 Rc5 57. g4 Rd5 58. h6 Rd3 59. Bg7 c3 60. Rc6 Kd7 61. Rxc3 Rxc3 62. Bxc3 Nxh6 63. Kf3 Ke6 64. Kf4 b5 65. f3 a6 66. Ke4 Nf7 67. f4 Nd6+ 68. Kd3 Kd5 69. f5 Nf7 70. Ke3 Kc4 71. Bf6 Nd6 72. Kf4 a5 1-0

[Event "BCF-chT1c 1819 (4NCL) Promotion pool"]
[Site "England"]
[Date "2019.05.06"]
[Round "11.42"]
[White "Adair, James R"]
[Black "Le Roux, Jean Pierre"]
[Result "1-0"]
[WhiteElo "2474"]
[BlackElo "2539"]
[PlyCount "55"]
[EventDate "2018.11.10"]
[EventType "team-tourn"]
[EventRounds "11"]
[EventCountry "ENG"]
[SourceTitle "CBM 190 Extra"]
[Source "ChessBase"]
[SourceDate "2019.07.15"]
[SourceVersion "1"]
[SourceVersionDate "2019.07.15"]
[SourceQuality "1"]
[WhiteTeam "White Rose"]
[BlackTeam "Guildford II"]
[WhiteTeamCountry "ENG"]
[BlackTeamCountry "ENG"]

1. c4 e5 2. Nc3 Nc6 3. Nf3 f5 4. g3 Nf6 5. d4 e4 6. Nh4 d5 7. Bg5 dxc4 8. e3 b5 9. Nxb5 Bb4+ 10. Nc3 Be6 11. Qa4 Qd7 12. Bxf6 gxf6 13. Bh3 Bxc3+ 14. bxc3 Ne7 15. Qd1 0-0 16. 0-0 Rab8 17. Qh5 Rb6 18. Rac1 Qe8 19. Qh6 Rf7 20. f3 Qf8 21. Qh5 Rg7 22. fxe4 fxe4 23. Bxe6+ Rxe6 24. Qc5 c6 25. Qxc4 Nd5 26. Nf5 Rg5 27. Qa6 Qe8 28. Qxa7 1-0

[Event "Jersey op"]
[Site "St Clement Bay"]
[Date "2019.04.10"]
[Round "6"]
[White "Le Roux, Jean Pierre"]
[Black "Hillarp Persson, Tiger"]
[Result "0-1"]
[WhiteElo "2542"]
[BlackElo "2563"]
[PlyCount "46"]
[EventDate "2019.04.06"]
[EventType "swiss"]
[EventRounds "9"]
[EventCountry "GCI"]
[SourceTitle "CBM 189 Extra"]
[Source "ChessBase"]
[SourceDate "2019.06.03"]
[SourceVersion "1"]
[SourceVersionDate "2019.06.03"]
[SourceQuality "1"]

1. Nf3 c5 2. c4 Nf6 3. Nc3 Nc6 4. e3 e6 5. d4 cxd4 6. exd4 d5 7. cxd5 Nxd5 8. Bd3 Be7 9. 0-0 0-0 10. Re1 Bf6 11. Be4 Nce7 12. Ne5 Nf5 13. g4 Nh4 14. f4 Be7 15. Bxd5 exd5 16. f5 g6 17. Qb3 gxf5 18. Nxd5 Bd6 19. Bf4 fxg4 20. Nxf7 Kxf7 21. Bxd6 Nf3+ 22. Kh1 Qxd6 23. Re7+ Kg6 0-1

[Event "PRO League Stage"]
[Site "Chess.com INT"]
[Date "2019.01.30"]
[Round "4"]
[White "Le Roux, Jean Pierre"]
[Black "Van Foreest, Jorden"]
[Result "1/2-1/2"]
[WhiteElo "2533"]
[BlackElo "2612"]
[PlyCount "153"]
[EventDate "2019.01.08"]
[EventType "team-swiss (rapid)"]
[EventRounds "10"]
[EventCountry "USA"]
[SourceTitle "CBM 188 Extra"]
[Source "ChessBase"]
[SourceDate "2019.02.26"]
[SourceVersion "1"]
[SourceVersionDate "2019.02.26"]
[SourceQuality "1"]
[WhiteTeam "Marseille Migraines"]
[BlackTeam "Amsterdam Mosquitoes"]
[WhiteTeamCountry "FRA"]
[BlackTeamCountry "NED"]

1. d4 d5 2. Nf3 Nf6 3. Bf4 c5 4. e3 e6 5. Nbd2 Bd6 6. Bg3 0-0 7. c3 b6 8. Bd3 Bb7 9. Qe2 Qc7 10. Rd1 Nbd7 11. Bxd6 Qxd6 12. e4 dxe4 13. Nxe4 Qf4 14. Nxf6+ Nxf6 15. dxc5 bxc5 16. Qe3 Qxe3+ 17. fxe3 Rab8 18. b3 Rfd8 19. c4 Kf8 20. Ke2 Rd6 21. Bc2 Ra6 22. Ra1 Ne4 23. Bxe4 Bxe4 24. Rhc1 Ke7 25. Nd2 Ba8 26. Rc3 Bxg2 27. e4 Rd6 28. Rg1 Rbd8 29. Rc2 Bh3 30. Rg3 h5 31. Rxh3 g6 32. a3 Rd4 33. b4 f5 34. exf5 exf5 35. bxc5 Kf6 36. Rb3 Rc8 37. Rb5 g5 38. Ra5 g4 39. Rxa7 Rxc5 40. Ke3 Rd8 41. Kf2 Rd3 42. Rb7 Rxa3 43. Rb5 Rc8 44. c5 h4 45. c6 h3 46. c7 g3+ 47. hxg3 h2 48. Rb1 f4 49. gxf4 Kf5 50. Rh1 Rh3 51. Kg2 Kg4 52. Nf1 Rh7 53. Rxh2 Rcxc7 54. Rf2 Rhe7 55. Rh3 Re1 56. Rg3+ Kf5 57. Ne3+ Ke4 58. Ng4 Rcc1 59. Kh3 Rh1+ 60. Nh2 Rc8 61. Rg4 Rh8+ 62. Rh4 Rg8 63. f5+ Ke5 64. f6 Rhg1 65. Ng4+ Ke6 66. f7 Rf8 67. Kh2 Rc1 68. Nh6 Rc5 69. Kh3 Rg5 70. Re4+ Kd5 71. Rh4 Rg1 72. Ng4 Ke6 73. Re2+ Kxf7 74. Rf2+ Kg7 75. Rxf8 Kxf8 76. Kh2 Ra1 77. Nf2 1/2-1/2